Proposed amendment to the budget to reduce the estimate for the Navy Department for increase of the Navy, 1936. Communication from the President of the United States transmitting a proposed amendment to the budget for the fiscal year 1936 to reduce the estimate for the Navy Department for increase of the Navy: armor, armament, and ammunition, from $40,000,000 to $37,300,000 and make $1,000,000 thereof immediately available.

Bibliographic Details
Corporate Authors: United States. Congress. House. Committee on Appropriations, ProQuest (Firm)
Format: eBook
Language:English
Published: Washington : [publisher not identified], 1935.
Series:United States congressional serial set.
Subjects:
Online Access:Connect to the full text of this electronic book

MARC

Tag First Indicator Second Indicator Subfields
LEADER 00000cam a22000001a 4500
001 in00003125897
005 20190402202825.0
006 m o d
007 cr un mmmapmmp
008 071214s1935 dcu o f000 0 eng d
035 |a cis2004190776 
040 |a UMI  |c UMI  |d UtOrBLW 
043 |a n-us--- 
099 |a ProQuest Serial Set Number 9928 H.doc.138 
110 1 |a United States.  |b Congress.  |b House.  |b Committee on Appropriations. 
245 1 0 |a Proposed amendment to the budget to reduce the estimate for the Navy Department for increase of the Navy, 1936. Communication from the President of the United States transmitting a proposed amendment to the budget for the fiscal year 1936 to reduce the estimate for the Navy Department for increase of the Navy: armor, armament, and ammunition, from $40,000,000 to $37,300,000 and make $1,000,000 thereof immediately available. 
246 1 |a Proposed reduction of estimate for increase of Navy, armour, armament, and ammunition, 1936 
264 1 |a Washington :  |b [publisher not identified],  |c 1935. 
300 |a 1 online resource. 
336 |a text  |b txt  |2 rdacontent 
337 |a computer  |b c  |2 rdamedia 
338 |a online resource  |b cr  |2 rdacarrier 
490 0 |a H.doc.138 
500 |a Record is based on bibliographic data in ProQuest U.S. Serial Set Digital Collection (last viewed Dec. 2007). Reuse except for individual research requires license from ProQuest, LLC. 
510 3 |a ProQuest U.S. Serial Set Digital Collection 
500 |a Electronic resource. 
650 0 |a Ammunition. 
650 0 |a Armor. 
650 0 |a Budget  |z United States. 
655 7 |a Electronic books.  |2 local 
710 2 |a ProQuest (Firm) 
830 0 |a United States congressional serial set. 
856 4 0 |u http://proxy.library.tamu.edu/login?url=http://congressional.proquest.com/congcomp/getdoc?SERIAL-SET-ID=9928+H.doc.138  |z Connect to the full text of this electronic book  |t 0 
999 |a MARS 
999 f f |s 36ddc31c-c949-3d94-91ab-a9ae902a6113  |i 3c1ac534-7f3e-3125-8cff-001b0d439292  |t 0 
952 f f |a Texas A&M University  |b College Station  |c Electronic Resources  |d Available Online  |t 0  |e ProQuest Serial Set Number 9928 H.doc.138  |h Other scheme 
998 f f |a ProQuest Serial Set Number 9928 H.doc.138  |t 0  |l Available Online